书目信息 |
| 题名: |
结构化课程开发
|
|
| 作者: | 罗长江 著 | |
| 分册: | ||
| 出版信息: | 北京 北京联合出版公司 2019.06 |
|
| 页数: | XII, 283页 | |
| 开本: | 23cm | |
| 丛书名: | ||
| 单 册: | ||
| 中图分类: | C975 | |
| 科图分类: | ||
| 主题词: | 职业培训--zhi ye pei xun--课程设计 | |
| 电子资源: | ||
| ISBN: | 978-7-5596-3110-7 | |
| 000 | 01046nam0 2200265 450 | |
| 001 | CAL 0120192779113 | |
| 005 | 20230217093113.0 | |
| 010 | @a978-7-5596-3110-7@dCNY68.00 | |
| 100 | @a20190624d2019 em y0chiy0120 ea | |
| 101 | 0 | @achi |
| 102 | @aCN@b110000 | |
| 105 | @aak a 000yy | |
| 106 | @ar | |
| 200 | 1 | @a结构化课程开发@Ajie gou hua ke cheng kai fa@e敏课设计的11个关键点@f罗长江著 |
| 210 | @a北京@c北京联合出版公司@d2019.06 | |
| 215 | @aXII, 283页@c图@d23cm | |
| 314 | @a罗长江, 教学效能设计师。 | |
| 320 | @a有书目 (第281-283页) | |
| 330 | @a罗长江老师把复杂的教学系统简单化, 深奥的设计原理工具化: 从课程设计的5个层面出发 ; 完成11个关键任务 ; 结合20多个科学实用的工具、诀窍、表单, 快速产出 ; 让课程“看起来很有趣, 事实上很有用” ; 既完成了开发任务, 又提升了开发能力。 | |
| 517 | 1 | @a敏课设计的11个关键点@Amin ke she ji de 11 ge guan jian dian |
| 606 | 0 | @a职业培训@Azhi ye pei xun@x课程设计 |
| 690 | @aC975@v5 | |
| 701 | 0 | @a罗长江@Aluo chang jiang@4著 |
| 801 | 0 | @aCN@bBJXHZP@c20230228 |
| 905 | @b1404893-6@dC975@e140@f4 | |
| 结构化课程开发:敏课设计的11个关键点/罗长江著.-北京:北京联合出版公司,2019.06 |
| XII, 283页:图;23cm |
| ISBN 978-7-5596-3110-7:CNY68.00 |
| 罗长江老师把复杂的教学系统简单化, 深奥的设计原理工具化: 从课程设计的5个层面出发 ; 完成11个关键任务 ; 结合20多个科学实用的工具、诀窍、表单, 快速产出 ; 让课程“看起来很有趣, 事实上很有用” ; 既完成了开发任务, 又提升了开发能力。 |
| ● |
| 相关链接 |
|
|
|
|
正题名:结构化课程开发
索取号:C975/140
 
预约/预借
| 序号 | 登录号 | 条形码 | 馆藏地/架位号 | 状态 | 备注 |
| 1 | 1404893 | 214048939 | 第一样本阅览室/ [索取号:C975/140] | 在馆 | |
| 2 | 1404894 | 214048948 | 第一借阅区/ [索取号:C975/140] | 在馆 | |
| 3 | 1404895 | 214048957 | 第一借阅区/ [索取号:C975/140] | 在馆 | |
| 4 | 1404896 | 214048966 | 第一借阅区/ [索取号:C975/140] | 在馆 |